Welcome to the Holygrace Academy Library

Please use search bar below to get started

FASHION KALEIDOSCOPE (Record no. 5904)

MARC details
000 -LEADER
fixed length control field 00381nam a22001457a 4500
020 ## - INTERNATIONAL STANDARD BOOK NUMBER
ISBN 81-7176-155-1
082 ## - DEWEY DECIMAL CLASSIFICATION NUMBER
Classification number 746.92
Item number CAS/F
100 ## - MAIN ENTRY--AUTHOR NAME
Personal name CASTELINO, MEHER
245 ## - TITLE STATEMENT
Title FASHION KALEIDOSCOPE
260 ## - PUBLICATION, DISTRIBUTION, ETC. (IMPRINT)
Place of publication DELHI
Name of publisher RUPA & CO
Year of publication 1994
300 ## - PHYSICAL DESCRIPTION
Number of Pages 249
520 ## - SUMMARY, ETC.
Summary, etc A QUICK FLASHBACK INTO THE FASCINATING WORLD OF INDIAN FASHION
650 ## - SUBJECT ADDED ENTRY--TOPICAL TERM
Topical Term FASHION DESIGNING
Geographic subdivision INDIA
942 ## - ADDED ENTRY ELEMENTS (KOHA)
Koha item type Books
Holdings
Withdrawn status Lost status Collection code Home library Current library Shelving location Date acquired Source of acquisition Full call number Accession Number Koha item type
    Reference Main Library Main Library SHELF 15G- FASHION,COOKING 23/07/2018 purchase 746.92 CAS/F 10223 Books